| 000 | 00541nam a22001577a 4500 | ||
|---|---|---|---|
| 003 | NUST | ||
| 082 | _a621 | ||
| 100 |
_aImran ,Talha _9122364 |
||
| 245 |
_aImpact Modelling of Zirconia Toughened Alumina and Kevlar Hybrid Composite / _cTalha Imran |
||
| 264 |
_aIslamabad: _bSMME- NUST. _c2021. |
||
| 300 |
_a85p. ; _bSoft Copy, _c30cm. |
||
| 650 |
_aMS Mechanical Engineering _9119495 |
||
| 700 |
_aSupervisor : Dr. Samiur Rahman Shaha _9122365 |
||
| 856 | _uhttp://10.250.8.41:8080/xmlui/handle/123456789/25284 | ||
| 942 |
_2ddc _cTHE |
||
| 999 |
_c608859 _d608859 |
||